<?xml version='1.0' encoding='UTF-8'?><?xml-stylesheet href='static/style.xsl' type='text/xsl'?><OAI-PMH xmlns="http://www.openarchives.org/OAI/2.0/" xmlns:xsi="http://www.w3.org/2001/XMLSchema-instance" xsi:schemaLocation="http://www.openarchives.org/OAI/2.0/ http://www.openarchives.org/OAI/2.0/OAI-PMH.xsd"><responseDate>2026-04-19T02:08:53Z</responseDate><request verb="GetRecord" identifier="oai:ebiltegia.mondragon.edu:20.500.11984/1590" metadataPrefix="marc">https://ebiltegia.mondragon.edu/oai/request</request><GetRecord><record><header><identifier>oai:ebiltegia.mondragon.edu:20.500.11984/1590</identifier><datestamp>2024-04-15T15:46:45Z</datestamp><setSpec>com_20.500.11984_460</setSpec><setSpec>col_20.500.11984_465</setSpec></header><metadata><record xmlns="http://www.loc.gov/MARC21/slim" xmlns:dcterms="http://purl.org/dc/terms/" xmlns:xsi="http://www.w3.org/2001/XMLSchema-instance" xmlns:doc="http://www.lyncode.com/xoai" xsi:schemaLocation="http://www.loc.gov/MARC21/slim http://www.loc.gov/standards/marcxml/schema/MARC21slim.xsd">
   <leader>00925njm 22002777a 4500</leader>
   <datafield ind2=" " ind1=" " tag="042">
      <subfield code="a">dc</subfield>
   </datafield>
   <datafield ind2=" " ind1=" " tag="720">
      <subfield code="a">Egaña, Txema</subfield>
      <subfield code="e">author</subfield>
   </datafield>
   <datafield ind2=" " ind1=" " tag="260">
      <subfield code="c">2010</subfield>
   </datafield>
   <datafield ind2=" " ind1=" " tag="520">
      <subfield code="a">Ikerketa honen helburua da Mondragon Unibertsitatean Ikus-entzunezko Komunikazioa ikasten duten ikasleek beren &#xd;
informazio-beharrak identifikatzeko eta informazio hori bilatzeko, ebaluatzeko eta erabiltzeko dituzten kontzepzioak, usteak eta baliatzen dituzten estrategiak identifikatu eta aztertzea. Konpetentzia hauek garatzeko unibertsitatetik bidera daitezkeen esku-hartze lerro posibleak seinalatzea ere helburu garrantzitsua da lan honetan. Ikerketaren dispositiboan metodologia kuantitatibo eta kualitatiboak uztartu dira: iritzi- eta ataza-itemez osatutako galdetegiak eta eztabaida-taldeak erabili dira, hain zuzen ere. Ikerketa-aparatu hauek Ikus-entzunezko Komunikazioko ikasleekin eta ikasle horien irakasleekin ere erabili dira, ikerketaren subjektua beti ikasleak izan badira ere. Hau da, ikasleek informazioarekin egiten dutenaren inguruan ebidentziak jaso direla bai ikasleengandik eta baita beren irakasleengandik.</subfield>
   </datafield>
   <datafield ind2=" " ind1=" " tag="520">
      <subfield code="a">El objetivo de esta tesis es identificar e investigar las concepciones, creencias y estrategias de los alumnos de Comunicación Audiovisual de Mondragon Unibertsitatea (curso 2007-08) en su interacción con la información, para saber cuándo y por qué necesitan dicha información, donde encontrarla, y cómo evaluarla y utilizarla. En el dispositivo metodológico se han utilizado metodologías cuantitativas y cualitativas: cuestionarios con ítems de opinión e ítems-tarea y grupos de discusión. Esta investigación pretende ayudar a diseñar el desarrollo curricular de las competencias informacionales y a identificar los posibles&#xd;
problemas que pueden aparecer en la adquisición de dichas competencia.</subfield>
   </datafield>
   <datafield ind1="8" ind2=" " tag="024">
      <subfield code="a">https://katalogoa.mondragon.edu/janium-bin/janium_login_opac.pl?find&amp;ficha_no=76772</subfield>
   </datafield>
   <datafield ind1="8" ind2=" " tag="024">
      <subfield code="a">https://hdl.handle.net/20.500.11984/1590</subfield>
   </datafield>
   <datafield tag="653" ind2=" " ind1=" ">
      <subfield code="a">Competencias en educación</subfield>
   </datafield>
   <datafield ind2="0" ind1="0" tag="245">
      <subfield code="a">Nola bilatzen, ebaluatzen eta aukeratzen dute informazioa unibertsitate-ikasleek?</subfield>
   </datafield>
</record></metadata></record></GetRecord></OAI-PMH>